| 000 | 00627cam a2200181 4500 | ||
|---|---|---|---|
| 001 | D2618 | ||
| 008 | 090401t1981 xxu||||| |||| 00| 0 eng d | ||
| 035 | _a(Sirsi) u69945 | ||
| 041 | _aeng | ||
| 050 | _a333.0091724 | ||
| 110 |
_aCommonwealth Association of Surveying and Land Economy _92570 |
||
| 245 | 4 | _aThe role of the surveyor in developing countries with particular reference to Central and Southern Africa: report of the proceedings of a CASLE regional seminar held in Malawi on 31 March - 3 April 1981 | |
| 260 |
_aLondon _bCASLE _c1981 |
||
| 300 | _a134p. 30cm | ||
| 350 | _a5 | ||
| 942 | _n0 | ||
| 948 | _c04/03/1997 | ||
| 999 |
_c95256 _d95256 |
||